Fundamentals Of Software Engineering (Record no. 305019)

MARC details
000 -LEADER
fixed length control field 00440nam a2200169Ia 4500
008 - FIXED-LENGTH DATA ELEMENTS--GENERAL INFORMATION
fixed length control field 230718s9999 xx 000 0 und d
041 ## - LANGUAGE CODE
Language code of text/sound track or separate title eng
082 ## - DEWEY DECIMAL CLASSIFICATION NUMBER
Classification number 005.1
Item number GHE
100 ## - MAIN ENTRY--PERSONAL NAME
Personal name Ghezzi C.
9 (RLIN) 109760
245 ## - TITLE STATEMENT
Title Fundamentals Of Software Engineering
250 ## - EDITION STATEMENT
Edition statement 2nd ed.
260 ## - PUBLICATION, DISTRIBUTION, ETC. (IMPRINT)
Date of publication, distribution, etc. 2002
Name of publisher, distributor, etc. Prentice Hall Of India
300 ## - PHYSICAL DESCRIPTION
Extent 604
365 ## - TRADE PRICE
Currency code Rs.
Price amount 225.00
700 ## - ADDED ENTRY--PERSONAL NAME
Personal name Ghezzi C.
9 (RLIN) 109760
906 ## - LOCAL DATA ELEMENT F, LDF (RLIN)
d B:1665207-Feb-2003
c COMP
b 45
Holdings
Withdrawn status Lost status Damaged status Not for loan Home library Current library Date acquired Vendor Budget Code Cost, normal purchase price Bill number Total Checkouts Full call number Barcode Date last seen Discount Cost, replacement price Bill Date Koha item type Original Barcode
        Cummins College of Engineering for Women Pune Cummins College of Engineering for Women Pune 14/02/2003 Pradeep Book Distributors COMP 180.00 16652   005.1 CCEP-BK-16226 18/07/2023 45 225.00 07/02/2003 Books 016226